Quizzes
Events
Quiz Creation
Community
Videos
Private Events
Remove Ads
Sign In
Join for FREE
Feedback
Dark Mode
Quiz Categories
Sports
Geography
Music
Movies
Television
Just For Fun
Miscellaneous
History
Literature
Language
Science
Gaming
Entertainment
Religion
Holiday
For Kids
Quiz Lab
Recent
Popular Today
Quiz Kudos Today
Editor Picks
Curator Picks
Quizzes by...
Day
Popularity
Type
Ratings
Length
Year
Community
Subscriptions
Recent Discussions
Orange Saloon
Badges
Playlists
Quests
Create
Leaderboards
Showdown
Live 5
Trivia Bingo
Activity
Puzzle Library
Sporcle Events
Private Events
Virtual Trivia
Globe League
Become a Host
Pub Owners
SporcleCon
Opinionation
Our Games
Videos
Blog
Mobile Apps
Partnerships
Remove Ads and Go Orange
Feedback
Entertainment
Celebrity
Famous
Musical
Broadway
Show
Quote
Comic Books
Anime
Superhero
DC Comics
Marvel
Cartoons
Animation
Entertainment
Celebrity
Famous
Musical
Broadway
Show
Quote
Comic Books
Anime
Superhero
DC Comics
Marvel
Cartoons
Animation
Random Quiz
Search Sporcle
×
Quiz Lab
Quiz Lab
Entertainment
Board Games
Select answers by clicking on text or image buttons
Select answers by clicking on text or image buttons
Clickable
Best Score? Go Orange.
What Battlestar Galactica Skill type is that? Stats
Can you pick what skill type a Skill card is from Battlestar Galactica the board game?
By
5uspicax
10m
57 Questions
5 Plays
5 Plays
5 Plays
Comments
Comments
Give Quiz Kudos
Give Quiz Kudos
-
- Ratings
hide this ad
Forced Order
Answers have to be entered in order
Answers have to be entered in order
Replay
Link that replays current quiz
Next Quiz
Link to next quiz in quiz playlist
You Got
0%
They Got
Avg Score
62%
Avg Friend Score
Upgrade to see
Score Distribution
Jump to the score distribution portion of the page
Score
0/57
Timer
10:00
0
Plays Today
% Correct
Piloting
80%
Piloting
80%
Engineering
80%
Engineering
80%
Piloting
80%
Piloting
80%
Engineering
80%
Piloting
80%
Piloting
80%
Engineering
80%
Engineering
80%
Piloting
80%
Piloting
80%
Piloting
80%
Engineering
80%
Engineering
80%
Politics
60%
Politics
60%
Leadership
60%
Leadership
60%
Tactics
60%
Tactics
60%
Politics
60%
Politics
60%
Leadership
60%
Tactics
60%
Engineering
60%
Treachery
60%
Treachery
60%
% Correct
Treachery
60%
Treachery
60%
Treachery
60%
Politics
60%
Politics
60%
Leadership
60%
Leadership
60%
Politics
60%
Politics
60%
Leadership
60%
Tactics
60%
Tactics
60%
Engineering
60%
Treachery
60%
Treachery
60%
Treachery
60%
Treachery
60%
Treachery
60%
Treachery
60%
Leadership
40%
Tactics
40%
Treachery
40%
Tactics
40%
Tactics
40%
Politics
40%
Leadership
40%
Leadership
40%
Tactics
20%
Quiz Playlist
Details
Report
Send in Message
Add To Playlist
Clickable:
Select answers by clicking on text or image buttons
Forced Order:
Answers have to be entered in order
Last Updated: Dec 13, 2018
Quiz Scoreboard
CHALLENGE
Sign Up to Join the Scoreboard
Show All
Scores
Hide
Comments
May contain spoilers
Recently Published
College Basketball Coaching Resumes
by pancakes188
Sports
9m
Billboard Blitz: Fleetwood Mac
by CooCooCachoo
Music
15s
Presidents Visiting Landmarks
by Hejman
History
7m
More to Explore
Quiz From the Vault
Featured Blog Post
Where Did the Easter Bunny Come From?
hide this ad
You Might Also Like...
Tags
Board Games Quiz
Battlestar Galactica
Sci-fi Television
Today's Top Quizzes in Entertainment
Browse Entertainment
hide this ad
Today's Top Quizzes in Board Games
Browse Board Games
Top Contributed Quizzes in Entertainment
1
7-to-1: DC Comics Villains
2
Marvel Characters Bunker
3
Eurovision 2023 Logic Puzzle
4
Dragon Ball Z: Goku's Fights in Order
5
Criteria Quickie: Cartoon Taxonomy II
6
Sorting Pictures: Villains
7
Kamen Rider Motifs
8
Fictional Villains Letter U Blitz
9
Mini Trivia Sudoku: Musicals
10
Dragon Ball Z: Mega Character Search
Explore More
Trending Topics
Disney
Harry Potter
Crossword
NBA
Anime
Marvel
Kpop
WWE
Soccer
The Office
Song
Pokémon
Puzzle
NFL
Country
hide this ad
More By:
5uspicax
Quiz
Plays
Rating
Category
Featured
Created
Melanie Martinez Songs by Title Drop
11,085
4.91
Music
Sep 13, 2016
AJR songs by title drop
5,255
4.86
Music
Jun 12, 2017
Follow that Lyric: Melanie Martinez
3,777
4.75
Music
Nov 17, 2016
Hamilton Songs by Title Drop
2,355
4.58
Music
Aug 1, 2016
twenty one pilots songs by random lyric
1,374
Music
Aug 14, 2016
Go to Creator's Profile
Score Distribution
Quiz Creator Spotlight
5uspicax
Follow
Send a Message
Quizzes Created
-
Created Quiz Play Count
-
More By This Creator
Popular Quizzes Today
1
Find the US States - No Outlines Minefield
2
Find the Countries of Europe - No Outlines Minefield
3
The Countries of the World
4
Find the US States
5
Risky Map Clicking: Biggest States A-Z
6
US States
7
Popular People in 1961
8
Movies - When Are They Set?
More Entertainment Quizzes
Video Game Tie-In Comics
Quiz Lab
Trending Quizzes
Risky Map Clicking: Least Populous States A-Z
1-10 Letter G Words
1-10 Letter F Words
Risky Map Clicking: Next State Alphabetically
Click the Washington State Counties! (Map)
Recently Updated
Leaping Animals
pecheneg
Reality TV Shows (A-Z)
bhenderson79
Rickey Henderson's Hall of Fame Teammates
pecheneg
Champions League XIs: Arsenal
pecheneg
Quick Pick: Celebrities in WWE's Hall of Fame
aduchscher
A-Z Keypad Blitz II
pecheneg
Multiple Oscar Actors
pecheneg
Mystery Phrase Blitz: Oscar 'Best Actors'
pecheneg
F. Scott Fitzgerald Novels
LTH
Pick 3 Villains
ddd62291
Trending Topics
Disney
Anime
NBA
Kpop
Harry Potter
Marvel
Crossword
Soccer
Country
WWE
NFL
Song
Puzzle
Pokémon
The Office
Your Account Isn't Verified!
In order to create a playlist on Sporcle, you need to verify the email address you used during registration. Go to your
Sporcle Settings
to finish the process.
Report this User
Report this user for behavior that violates our
Community Guidelines
.
Details:
Send Report
Go to the Sporcle.com Mobile Site →
Comments